[Event "Elets op"]
[Site "Elets"]
[Date "2011.08.10"]
[Round "9"]
[White "Geranichev, Mikhail"]
[Black "Torshin, Aleksey"]
[Result "1/2-1/2"]
[WhiteElo "2025"]
[BlackElo "2150"]
[PlyCount "39"]
[EventDate "2011.08.04"]
[EventType "swiss"]
[EventRounds "9"]
[EventCountry "RUS"]
[SourceTitle "EXT 2012"]
[Source "ChessBase"]
[SourceDate "2011.11.24"]
[SourceVersion "1"]
[SourceVersionDate "2011.11.24"]
[SourceQuality "1"]

1. e4 c5 2. Nf3 d6 3. d4 cxd4 4. Nxd4 Nf6 5. Nc3 a6 6. Be3 e6 7. Be2 Be7 8. 0-0 0-0 9. f4 Nc6 10. a4 Qc7 11. Qe1 Nxd4 12. Bxd4 e5 13. Be3 exf4 14. Rxf4 Be6 15. Qg3 d5 16. exd5 Nxd5 17. Nxd5 Bxd5 18. Bd3 g6 19. Rxf7 Qxg3 20. Rxf8+ 1/2-1/2

[Event "Elets op"]
[Site "Elets"]
[Date "2011.08.09"]
[Round "8"]
[White "Torshin, Aleksey"]
[Black "Dell' Ambrogio, Edy"]
[Result "1-0"]
[WhiteElo "2150"]
[BlackElo "1722"]
[PlyCount "47"]
[EventDate "2011.08.04"]
[EventType "swiss"]
[EventRounds "9"]
[EventCountry "RUS"]
[SourceTitle "EXT 2012"]
[Source "ChessBase"]
[SourceDate "2011.11.24"]
[SourceVersion "1"]
[SourceVersionDate "2011.11.24"]
[SourceQuality "1"]

1. e4 e6 2. d4 d5 3. Nd2 Nf6 4. e5 Nfd7 5. Bd3 c5 6. c3 Nc6 7. Ne2 Be7 8. 0-0 Qb6 9. Nf3 cxd4 10. cxd4 0-0 11. Nf4 Re8 12. Re1 Nf8 13. a3 Ng6 14. Nxg6 hxg6 15. Bc2 Bd7 16. b3 Rac8 17. Be3 a5 18. h4 Bf8 19. Ng5 Ne7 20. h5 Nf5 21. hxg6 fxg6 22. Bxf5 exf5 23. Qf3 Be7 24. Qxd5+ 1-0

[Event "Elets op"]
[Site "Elets"]
[Date "2011.08.07"]
[Round "6"]
[White "Torshin, Aleksey"]
[Black "Borovik, Pavel"]
[Result "1-0"]
[WhiteElo "2150"]
[BlackElo "1946"]
[PlyCount "101"]
[EventDate "2011.08.04"]
[EventType "swiss"]
[EventRounds "9"]
[EventCountry "RUS"]
[SourceTitle "EXT 2012"]
[Source "ChessBase"]
[SourceDate "2011.11.24"]
[SourceVersion "1"]
[SourceVersionDate "2011.11.24"]
[SourceQuality "1"]

1. e4 e5 2. Nf3 Nc6 3. Bb5 a6 4. Ba4 Nf6 5. 0-0 Be7 6. Re1 b5 7. Bb3 0-0 8. h3 Bb7 9. d3 d6 10. a3 h6 11. Nc3 Kh7 12. Ne2 Ng8 13. Ng3 g6 14. c3 Qd7 15. d4 Bf6 16. Bc2 Rad8 17. Be3 Qe7 18. a4 exd4 19. cxd4 b4 20. Qd2 a5 21. Rac1 Nb8 22. Bb1 Qd7 23. Qc2 Na6 24. Nd2 Rc8 25. Nc4 Bc6 26. b3 Ba8 27. Nxa5 c5 28. d5 Nc7 29. Nc4 Rb8 30. Rf1 Rfe8 31. Bf4 Be5 32. Bxe5 dxe5 33. Qb2 f6 34. Ne3 h5 35. Rxc5 h4 36. Ne2 Nh6 37. Bd3 f5 38. Rfc1 Rbc8 39. Qc2 Re7 40. exf5 Kg7 41. fxg6 Nxd5 42. Rxc8 Nxe3 43. fxe3 e4 44. Qb2+ Kxg6 45. Nf4+ Kg5 46. R8c5+ Nf5 47. Bb5 Qd6 48. Qe2 Kf6 49. Qg4 Re5 50. Qg6+ Ke7 51. Rc7+ 1-0

[Event "Lipetsk op"]
[Site "Lipetsk"]
[Date "2010.06.29"]
[Round "7"]
[White "Orekhov, Nikolai"]
[Black "Torshin, Aleksey"]
[Result "1-0"]
[WhiteElo "1833"]
[BlackElo "2196"]
[PlyCount "73"]
[EventDate "2010.06.23"]
[EventType "swiss"]
[EventRounds "9"]
[EventCountry "RUS"]
[SourceTitle "CBM 137 Extra"]
[Source "ChessBase"]
[SourceDate "2010.09.01"]
[SourceVersion "1"]
[SourceVersionDate "2010.09.01"]
[SourceQuality "1"]

1. Nf3 Nf6 2. g3 g6 3. Bg2 Bg7 4. 0-0 0-0 5. c4 d6 6. Nc3 Nc6 7. Rb1 e5 8. d3 Be6 9. b4 h6 10. b5 Ne7 11. Nd2 Rb8 12. Qa4 Nc8 13. Ba3 Nd7 14. Qc2 f5 15. Nb3 b6 16. Nd5 Nf6 17. d4 e4 18. Nb4 Ne7 19. d5 Bc8 20. Bb2 Nd7 21. Bxg7 Kxg7 22. Qc3+ Kh7 23. f4 exf3 24. exf3 f4 25. Qd4 fxg3 26. hxg3 Nf5 27. Qf2 Qg5 28. g4 Nh4 29. Nc6 Ra8 30. Qd2 Rf4 31. Qe2 Ne5 32. Nxe5 dxe5 33. Nd2 Nxg2 34. Qxg2 Bxg4 35. Ne4 Qh4 36. fxg4 Rxg4 37. Nf6+ 1-0

[Event "Lipetsk op"]
[Site "Lipetsk"]
[Date "2010.06.24"]
[Round "2"]
[White "Popelyshev, Igor Viktorovich"]
[Black "Torshin, Aleksey"]
[Result "1-0"]
[WhiteElo "2149"]
[BlackElo "2196"]
[PlyCount "85"]
[EventDate "2010.06.23"]
[EventType "swiss"]
[EventRounds "9"]
[EventCountry "RUS"]
[SourceTitle "CBM 137 Extra"]
[Source "ChessBase"]
[SourceDate "2010.09.01"]
[SourceVersion "1"]
[SourceVersionDate "2010.09.01"]
[SourceQuality "1"]

1. e4 c5 2. Nf3 d6 3. d4 cxd4 4. Qxd4 Bd7 5. Be3 Nc6 6. Qd2 Nf6 7. Nc3 a6 8. h3 b5 9. a3 e6 10. g4 h6 11. Bd3 Be7 12. Ne2 Bc8 13. Nfd4 Nxd4 14. Bxd4 d5 15. e5 Ne4 16. Bxe4 dxe4 17. Be3 Qc7 18. Qc3 Qxc3+ 19. Nxc3 Bb7 20. Ke2 Rc8 21. Rhd1 b4 22. axb4 Bxb4 23. Bd4 Ke7 24. Ke3 Rhd8 25. Rac1 Bxc3 26. Bxc3 Rd5 27. Bd4 f5 28. exf6+ gxf6 29. c4 Rdd8 30. b4 Kf7 31. Bb6 Rxd1 32. Rxd1 Bc6 33. Rd6 Ke7 34. Bc5 Kf7 35. Kf4 Rc7 36. h4 Bb7 37. Bb6 Re7 38. Bd8 e5+ 39. Ke3 Re6 40. Rd7+ Ke8 41. Rxb7 Kxd8 42. c5 Kc8 43. Rb6 1-0

[Event "Lipetsk Region-ch"]
[Site "Lipetsk"]
[Date "2010.03.30"]
[Round "9"]
[White "Torshin, Aleksey"]
[Black "Morev, Ivan"]
[Result "0-1"]
[WhiteElo "2196"]
[BlackElo "2286"]
[PlyCount "52"]
[EventDate "2010.03.22"]
[EventType "swiss"]
[EventRounds "9"]
[EventCountry "RUS"]
[SourceTitle "EXT 2011"]
[Source "ChessBase"]
[SourceDate "2010.11.26"]
[SourceVersion "1"]
[SourceVersionDate "2010.11.26"]
[SourceQuality "1"]

1. e4 d6 2. d4 Nf6 3. Nc3 g6 4. g3 Bg7 5. Bg2 0-0 6. Nge2 Nbd7 7. 0-0 c5 8. h3 cxd4 9. Nxd4 Qb6 10. Nb3 a6 11. Be3 Qc7 12. a4 Rb8 13. Qe2 b6 14. Bd4 e6 15. Rad1 Bb7 16. f4 Rbc8 17. Qf2 Bc6 18. e5 dxe5 19. fxe5 Nd5 20. Qe2 Nxc3 21. Bxc3 Bxg2 22. Kxg2 Nxe5 23. Nd4 Qc4 24. Qxc4 Nxc4 25. Rd3 e5 26. Nb3 e4 0-1

[Event "Elets-C op"]
[Site "Elets"]
[Date "2009.09.16"]
[Round "6"]
[White "Torshin, Aleksey"]
[Black "Moiseenko, Vladimir1"]
[Result "1-0"]
[WhiteElo "2196"]
[BlackElo "2404"]
[PlyCount "51"]
[EventDate "2009.09.12"]
[EventType "swiss"]
[EventRounds "9"]
[EventCountry "RUS"]
[SourceTitle "CBM 132 Extra"]
[Source "ChessBase"]
[SourceDate "2009.11.03"]
[SourceVersion "1"]
[SourceVersionDate "2009.11.03"]
[SourceQuality "1"]

1. e4 c5 2. Nf3 e6 3. d4 cxd4 4. Nxd4 Nf6 5. Bd3 Nc6 6. Nb3 d6 7. 0-0 Be7 8. c4 Ne5 9. Nc3 0-0 10. Be2 Qc7 11. Qd4 Bd7 12. Bf4 Bc6 13. Rac1 Ng6 14. Bg3 Rfd8 15. Nd5 Bxd5 16. cxd5 Qd7 17. dxe6 fxe6 18. Rfd1 Ne8 19. Nc5 Bf6 20. Qc4 Qe7 21. Nxe6 Rd7 22. Nc5+ Kh8 23. Nxd7 Qxd7 24. b3 Ne5 25. Qd5 Rb8 26. Bxe5 1-0

[Event "Elets-C op"]
[Site "Elets"]
[Date "2009.09.15"]
[Round "5"]
[White "Kazantseva, Alla"]
[Black "Torshin, Aleksey"]
[Result "0-1"]
[WhiteElo "1958"]
[BlackElo "2196"]
[PlyCount "136"]
[EventDate "2009.09.12"]
[EventType "swiss"]
[EventRounds "9"]
[EventCountry "RUS"]
[SourceTitle "CBM 132 Extra"]
[Source "ChessBase"]
[SourceDate "2009.11.03"]
[SourceVersion "1"]
[SourceVersionDate "2009.11.03"]
[SourceQuality "1"]

1. e4 c5 2. Nf3 d6 3. Bb5+ Bd7 4. Bxd7+ Qxd7 5. 0-0 Nc6 6. d4 cxd4 7. Nxd4 Nf6 8. Nc3 e6 9. Re1 Be7 10. Nf3 0-0 11. e5 dxe5 12. Nxe5 Qxd1 13. Nxd1 Nxe5 14. Rxe5 Nd5 15. c3 Bf6 16. Re1 Rfd8 17. Rb1 Rac8 18. Ne3 Rc5 19. Nxd5 Rcxd5 20. Be3 a6 21. Kf1 Kf8 22. Ke2 Rb5 23. c4 Ra5 24. Bb6 Re5+ 25. Kf1 Rd2 26. Be3 Rc2 27. Rec1 Rxc1+ 28. Rxc1 Ra5 29. a3 Bxb2 30. Rb1 Bxa3 31. Rxb7 Bd6 32. Rb6 Ke7 33. c5 Bxc5 34. Bxc5+ Rxc5 35. Rxa6 g5 36. Ke2 Kf6 37. Ra4 h5 38. h3 Kf5 39. g4+ Kg6 40. Ra6 Rc3 41. f3 Rc2+ 42. Ke3 Rh2 43. gxh5+ Kf6 44. Ra8 Rxh3 45. Kf2 Rxh5 46. Kg3 Rh1 47. Ra5 Rb1 48. Rc5 e5 49. Rc6+ Kf5 50. Rc4 Rd1 51. Ra4 f6 52. Rc4 Rd4 53. Rc3 g4 54. Ra3 gxf3 55. Rxf3+ Ke6 56. Ra3 f5 57. Ra6+ Kd5 58. Kf3 Rd3+ 59. Ke2 Ke4 60. Ra4+ Rd4 61. Ra3 f4 62. Rb3 Ra4 63. Rb2 f3+ 64. Kf2 Kf4 65. Rb8 Ra2+ 66. Kf1 e4 67. Rb4 Kg3 68. Rxe4 Ra1+ 0-1

[Event "Elets-C op"]
[Site "Elets"]
[Date "2009.09.13"]
[Round "2"]
[White "Popov, Valerij"]
[Black "Torshin, Aleksey"]
[Result "1-0"]
[WhiteElo "2563"]
[BlackElo "2196"]
[PlyCount "73"]
[EventDate "2009.09.12"]
[EventType "swiss"]
[EventRounds "9"]
[EventCountry "RUS"]
[SourceTitle "CBM 132 Extra"]
[Source "ChessBase"]
[SourceDate "2009.11.03"]
[SourceVersion "1"]
[SourceVersionDate "2009.11.03"]
[SourceQuality "1"]

1. e4 c5 2. Nf3 d6 3. d4 cxd4 4. Nxd4 Nf6 5. Nc3 a6 6. f3 e6 7. Be3 Nbd7 8. g4 h6 9. Qd2 b5 10. Bd3 Qc7 11. h4 b4 12. Nce2 d5 13. exd5 Nxd5 14. Nb3 Ne5 15. Rf1 Bd7 16. 0-0-0 Nxd3+ 17. Qxd3 Bb5 18. Qd2 Rc8 19. Bf2 Bd6 20. Nbd4 Bxe2 21. Nxe2 Qa5 22. Kb1 Rb8 23. Bd4 Rg8 24. f4 Rb5 25. Rf3 Qc7 26. c4 bxc3 27. Nxc3 Nxc3+ 28. Rxc3 Qb8 29. Bc5 Bxc5 30. Qd7+ Kf8 31. Qd8+ Qxd8 32. Rxd8+ Ke7 33. Rxg8 Bd4 34. Rb3 Rc5 35. Rb7+ Kf6 36. Rf8 Be3 37. Rfxf7+ 1-0

[Event "Lipetsk Region-ch"]
[Site "Lipetsk"]
[Date "2007.11.24"]
[Round "8"]
[White "Torshin, Aleksey"]
[Black "Nikiforov, Vladimir"]
[Result "1/2-1/2"]
[WhiteElo "2270"]
[BlackElo "2267"]
[PlyCount "57"]
[EventDate "2007.11.18"]
[EventType "swiss"]
[EventRounds "9"]
[EventCountry "RUS"]
[SourceTitle "CBM 121 Extra"]
[Source "ChessBase"]
[SourceDate "2008.01.10"]
[SourceVersion "1"]
[SourceVersionDate "2008.01.10"]
[SourceQuality "1"]

1. e4 c5 2. Nf3 Nc6 3. d4 cxd4 4. Nxd4 g6 5. Nc3 Bg7 6. Be3 d6 7. Qd2 Nf6 8. f3 0-0 9. Bc4 Nd7 10. Bb3 Nb6 11. Nd5 Nxd5 12. exd5 Na5 13. h4 Nxb3 14. axb3 h5 15. g4 hxg4 16. h5 e5 17. dxe6 fxe6 18. hxg6 Qf6 19. Qh2 Qxg6 20. Qxd6 a5 21. Qc5 b6 22. Qc6 Ra7 23. 0-0-0 a4 24. bxa4 Bd7 25. Qd6 Rc8 26. Rdg1 Rac7 27. c3 Qd3 28. Bd2 Bxa4 29. Rxg4 1/2-1/2